Inside NetWare 3.12 / (رقم التسجيلة. 180139)

تفاصيل مارك
000 -LEADER
fixed length control field 01318camaa22003972i 4500
001 - CONTROL NUMBER
control field 2085537
003 - CONTROL NUMBER IDENTIFIER
control field EG-GICUC
005 - DATE AND TIME OF LATEST TRANSACTION
control field 20260514104302.0
008 - FIXED-LENGTH DATA ELEMENTS--GENERAL INFORMATION
fixed length control field 950508s1995 inua jr 001 0 eng
010 ## - LIBRARY OF CONGRESS CONTROL NUMBER
LC control number 95000229
020 ## - INTERNATIONAL STANDARD BOOK NUMBER
International Standard Book Number 1562054260
020 ## - INTERNATIONAL STANDARD BOOK NUMBER
International Standard Book Number 9781562054267
040 ## - CATALOGING SOURCE
Original cataloging agency DLC
Transcribing agency DLC
Modifying agency DLC
-- EG-GICUC
Language of cataloging eng
Description conventions rda
082 00 - DEWEY DECIMAL CLASSIFICATION NUMBER
Classification number 004.6
Edition number 21
Item number H519
092 04 - LOCALLY ASSIGNED DEWEY CALL NUMBER (OCLC)
Edition number 21
Classification number 004.6
Item number H519
099 ## - LOCAL FREE-TEXT CALL NUMBER (OCLC)
Classification number 004.6 H519 1995
100 1# - MAIN ENTRY--PERSONAL NAME
Personal name Heywood, Drew.
Relator term Author.
245 00 - TITLE STATEMENT
Title Inside NetWare 3.12 /
Statement of responsibility, etc. Drew Heywood, Niedermiller-Chaffins, Debra R.
246 3# - VARYING FORM OF TITLE
Title proper/short title Inside NetWare three point twelve
250 ## - EDITION STATEMENT
Edition statement 5th edition.
264 ## - PRODUCTION, PUBLICATION, DISTRIBUTION, MANUFACTURE, AND COPYRIGHT NOTICE
Place of production, publication, distribution, manufacture Indianapolis, Ind. :
Name of producer, publisher, distributor, manufacturer New Riders Pub.,
Date of production, publication, distribution, manufacture, or copyright notice c1995.
300 ## - PHYSICAL DESCRIPTION
Extent xxx, 1213 pages :
Other physical details illustration ;
Dimensions 23 cm. +
Accompanying material 1 computer optical laser disc (4 3/4 in.)
336 ## - CONTENT TYPE
Content type term text
Content type code txt
Source rdacontent
337 ## - MEDIA TYPE
Media type term unmediated
Media type code n
Source rdamedia
338 ## - CARRIER TYPE
Carrier type term volume
Carrier type code nc
Source rdacarrier
500 ## - GENERAL NOTE
General note Includes index.
504 ## - BIBLIOGRAPHY, ETC. NOTE
Bibliography, etc. note Bibliography: pages 1174-1213.
541 ## - IMMEDIATE SOURCE OF ACQUISITION NOTE
Source of acquisition وزارة الثقافة ؛
Address القاهرة ؛
Method of acquisition إهداء ؛
Date of acquisition 2023.
630 00 - SUBJECT ADDED ENTRY--UNIFORM TITLE
Uniform title NetWare.
650 #0 - SUBJECT ADDED ENTRY--TOPICAL TERM
Topical term or geographic name entry element Local area networks (Computer networks)
700 1# - ADDED ENTRY--PERSONAL NAME
Personal name Heywood, Drew.
Relator term Author.
700 1# - ADDED ENTRY--PERSONAL NAME
Personal name Niedermiller-Chaffins
Relator term Author.
700 1# - ADDED ENTRY--PERSONAL NAME
Personal name Debra R
Relator term Author.
905 ## - Cataloger and Reviser Names
Cataloger Name Samah
942 ## - ADDED ENTRY ELEMENTS (KOHA)
Source of classification or shelving scheme Dewey Decimal Classification
Koha item type Books
Edition 21
Suppress in OPAC No
المقتنيات
Withdrawn status Lost status Source of classification or shelving scheme Damaged status Not for loan Home library Current library Date acquired Inventory number Total checkouts Full call number Barcode Date last seen Price effective from Koha item type
    Dewey Decimal Classification   Not for loan مكتبة جامعة القاهرة الاهلية قاعة الهندسة 14.05.2026 18   004.6 H519 1995 02010001800000 14.05.2026 14.05.2026 Books
Cairo University Libraries Portal Implemented & Customized by: Eng. M. Mohamady Contacts: new-lib@cl.cu.edu.eg | cnul@cl.cu.edu.eg
CUCL logo CNUL logo
© All rights reserved — Cairo University Libraries
CUCL logo
Implemented & Customized by: Eng. M. Mohamady Contact: new-lib@cl.cu.edu.eg © All rights reserved — New Central Library
CNUL logo
Implemented & Customized by: Eng. M. Mohamady Contact: cnul@cl.cu.edu.eg © All rights reserved — Cairo National University Library